000 00520nam a2200193Ia 4500
005 20250326142837.0
008 250326s9999 xx 000 0 und d
020 _a81-7649-081-4
037 _aTextbook
040 _aFMSL
_beng
_cFMSL
041 _aeng
_2eng
084 _aX:74.44 N9
_qFMSL
100 _aDesai R
_9257635
245 0 _aIndian business culture
_cDesai R
260 _aNew Delhi
_bNew Delhi, Viva Books
_c1999
300 _a157p
942 _cTB
_hX:74.44 N9
999 _c1296901
_d1296901